Name every place in Montgomery County MD - Statistics

General Stats
  • This quiz has been taken 33 times
  • The average score is 19 of 61
Answer Stats
Hint Answer % Correct
CDP Silver Spring
92%
CDP Bethesda
88%
CDP Germantown
84%
City Rockville
84%
City Gaithersburg
72%
Town Poolesville
64%
CDP Potomac
60%
CDP Chevy Chase
56%
Town Chevy Chase
56%
Village Chevy Chase Section 3
56%
Village Chevy Chase Section 5
56%
Town Chevy Chase View
56%
Town Chevy Chase Village
56%
CDP Clarksburg
56%
CDP Olney
56%
City Takoma Park
56%
CDP Wheaton
52%
CDP Darnestown
48%
Town Kensington
48%
CDP North Bethesda
48%
CDP Damascus
44%
CDP Aspen Hill
40%
Unincorporated Derwood
40%
CDP Montgomery Village
40%
CDP North Potomac
40%
Unincorporated Boyds
32%
CDP Glenmont
28%
CDP White Oak
28%
Town Laytonsville
24%
CDP Travilah
24%
CDP Ashton-Sandy Spring
20%
CDP Burtonsville
20%
CDP Colesville
20%
CDP Four Corners
20%
CDP Redland
20%
Unincorporated Ashton
16%
CDP Cabin John
16%
Town Garrett Park
16%
CDP Hillandale
16%
Village North Chevy Chase
16%
Unincorporated Sandy Spring
16%
Town Brookville
12%
Unincorporated Dickerson
12%
Town Glen Echo
12%
Unincorporated Hyattstown
12%
CDP South Kensington
12%
Unincorporated Beallsville
8%
CDP Cloverly
8%
CDP Fairland
8%
CDP Forest Glen
8%
CDP Kemp Mill
8%
CDP Layhill
8%
Town Washington Grove
8%
Town Barnsville
4%
CDP Brookmont
4%
CDP Calverton
4%
Tax District Drummond
4%
CDP Leisure World
4%
Village Martin's Additions
4%
Tax District Oakmont
4%
Town Somerset
4%
No matching quizzes found
Score Distribution
Percent of People with Each Score
Percentile by Number Answered
Your Score History
You have not taken this quiz